000 00414nam a2200169Ia 4500
008 230524s9999 xx 000 0 und d
082 _a5
_bBLA
100 _aMichael Blaha
245 0 _aObject-Oriented Modeling and Design with UML
250 _a2ND
260 _aNEW DELHI
_bPHI
_c2006
300 _aXI;469
500 _aQuantity Number: 2
650 _aComp-Sc
700 _a James Rumbaugh
942 _cBK
999 _c36616
_d36616